Gaming Quiz

Random Gaming or Video Games Quiz
Score 0/30 Timer 07:00
1 Play Today
% Correct
Yoshi (Super Mario World)
96.4%
Sonic the Hedgehog (Sonic the Hedgehog)
94.5%
Lara Croft (Tomb Raider)
83.1%
Kirby (Kirby's Dream Land)
80.6%
Spyro the Dragon (Spyro the Dragon)
77.5%
Crash Bandicoot (Crash Bandicoot)
75.6%
Diddy Kong (Donkey Kong Country)
75.5%
Knuckles the Echidna (Sonic the Hedgehog 3)
73.3%
Charizard (Pokémon Red/Blue Version)
70.5%
Sub-Zero (Mortal Kombat)
67.4%
Fox McCloud (Star Fox)
65.4%
Duke Nukem (Duke Nukem)
64%
Captain Falcon (F-Zero)
56.8%
Ness (Earthbound)
51.9%
Chun-Li (Street Fighter II)
49.6%
% Correct
Marth (Fire Emblem)
43.5%
Gordon Freeman (Half-Life)
42.8%
Sephiroth (Final Fantasy VII)
42.2%
Leon Kennedy (Resident Evil 2)
35.9%
Zero (Mega Man X)
34%
Jill Valentine (Resident Evil)
34%
Squall Leonhart (Final Fantasy VIII)
27.9%
Proto Man (Mega Man 3)
22.7%
Kefka Palazzo (Final Fantasy VI)
21.8%
Guybrush Threepwood (The Secret of Monkey Island)
20.7%
Crono (Chrono Trigger)
18.9%
Geno (Super Mario RPG)
17.6%
Hal 'Otacon' Emmerich (Metal Gear Solid)
17%
Cecil Harvey (Final Fantasy IV)
11.7%
Fei Fong Wong (Xenogears)
4.7%
Remove Ads.
Support Sporcle.
Get the best of Sporcle when you Go Orange. This ad-free experience offers more features, more stats, and more fun while also helping to support Sporcle. Thank you for becoming a member.

You're not logged in!

Compare scores with friends on all Sporcle quizzes.
OR
Log In

Show Comments

Extras

Top Quizzes Today


Score Distribution

Your Account Isn't Verified!

In order to create a playlist on Sporcle, you need to verify the email address you used during registration. Go to your Sporcle Settings to finish the process.

Report this User

Report this user for behavior that violates our Community Guidelines.

Details: